00630namaa2200193 i 4500001000700000003000900007005001700016007000300033008004100036100002400077245008200101260004400183300002200227490004400249651003400293651004700327830004100374852002100415148760ES-MaACL20260129170032.0t|070214s1950 sp 00110 spa d1 aSuárez, Federico.13aLa crisis política del Antiguo Régimen en España / cFederico Suárez. aMadrid : bRialp, c1950 (fJuan Pueyo) a212 p. ; c19 cm.1 aBiblioteca del pensamiento actual ; v5 7aEspaña-xHistoria-yS.XIX2 7aEspaña-xPolítica y gobierno-yS.XIX21 aBiblioteca del pensamiento actualv5 aES-MaACLjD-6186